[Event "Cologne Ford op"]
[Site "Cologne"]
[Date "2009.05.25"]
[Round "5"]
[White "Kronseder, Michael"]
[Black "Goerner, Florian"]
[Result "1/2-1/2"]
[WhiteElo "1520"]
[BlackElo "1295"]
[PlyCount "79"]
[EventDate "2009.04.27"]
[EventType "swiss"]
[EventRounds "7"]
[EventCountry "GER"]
[SourceTitle "EXT 2011"]
[Source "ChessBase"]
[SourceDate "2010.11.26"]
[SourceVersion "1"]
[SourceVersionDate "2010.11.26"]
[SourceQuality "1"]

1. Nf3 d5 2. c4 e6 3. g3 Nf6 4. Bg2 Be7 5. b3 0-0 6. Bb2 c5 7. 0-0 d4 8. b4 Bd6 9. bxc5 Bxc5 10. Ne5 Nbd7 11. Nd3 e5 12. e3 Rb8 13. exd4 exd4 14. Na3 b6 15. Nb5 Ba6 16. Nxa7 Bxc4 17. Nc6 Qc7 18. Qe2 Bxd3 19. Qxd3 Ne5 20. Nxe5 Qxe5 21. Rfe1 Qd6 22. a4 Rfe8 23. Qb5 Re5 24. Rxe5 Qxe5 25. Kf1 Re8 26. Bc6 Re7 27. f4 Qh5 28. Re1 Rxe1+ 29. Kxe1 Qxh2 30. a5 Qxg3+ 31. Ke2 d3+ 32. Qxd3 Qxd3+ 33. Kxd3 bxa5 34. Kc4 Bb4 35. Bc3 Bxc3 36. dxc3 Kf8 37. Kb5 Ke7 38. Kxa5 Kd6 39. Kb5 Nd7 40. Be4 1/2-1/2

[Event "Cologne Ford op"]
[Site "Cologne"]
[Date "2009.05.11"]
[Round "3"]
[White "Knuetter, Helmut"]
[Black "Goerner, Florian"]
[Result "1-0"]
[WhiteElo "1699"]
[BlackElo "1295"]
[PlyCount "81"]
[EventDate "2009.04.27"]
[EventType "swiss"]
[EventRounds "7"]
[EventCountry "GER"]
[SourceTitle "EXT 2011"]
[Source "ChessBase"]
[SourceDate "2010.11.26"]
[SourceVersion "1"]
[SourceVersionDate "2010.11.26"]
[SourceQuality "1"]

1. e4 e5 2. Nf3 Nc6 3. Bb5 f5 4. Nc3 fxe4 5. Nxe4 Nf6 6. d3 d5 7. Nxe5 dxe4 8. Nxc6 bxc6 9. Bxc6+ Bd7 10. Bxa8 Qxa8 11. Bg5 Bg4 12. Qd2 Be7 13. 0-0 0-0 14. d4 Qd5 15. Bf4 Bd6 16. Bxd6 cxd6 17. b3 Qh5 18. c4 Bf3 19. Qf4 Be2 20. Rfe1 Ng4 21. Qxd6 Nxf2 22. Qd5+ Qxd5 23. cxd5 Bd3 24. h3 h5 25. Rac1 Bb5 26. a4 Bxa4 27. bxa4 Nd3 28. Rcd1 Nxe1 29. Rxe1 Re8 30. Kf2 Kf7 31. Ke3 Ke7 32. Rf1 Kd6 33. Rf5 g6 34. Rg5 a5 35. Rxg6+ Kd7 36. Rg5 Rb8 37. d6 Rb2 38. Rxa5 Rxg2 39. Rxh5 Ra2 40. a5 Kxd6 41. Kxe4 1-0